| 000 | 00486nam a2200181Ia 4500 | ||
|---|---|---|---|
| 005 | 20250423095131.0 | ||
| 008 | 250422s9999 xx 000 0 und d | ||
| 020 | _a096759880x | ||
| 050 | _aLC 1044 .L5/ | ||
| 100 | _aLi , Richard T. | ||
| 245 | 0 | _aEducation and career: an immigrants journey in the promise land | |
| 260 | _aTexas | ||
| 260 | _bGreat Impression | ||
| 260 | _c1999 | ||
| 300 | _a195 p | ||
| 650 | _aVocational education. Vocational guidance. | ||
| 942 | _cBK | ||
| 999 |
_c29343 _d29343 |
||